banner-ar

التاريخ العمرانى لدمشق بين 923 - 1373هـ / 1516 - 1918 م : (Record no. 66834)

MARC details
000 -الفاتح
حقل البيانات ثابتة الطول 00812nam a2200205Ia 4500
005 - وقت وتاريخ اخر تعامل مع التسجيلة
رقم الضبط 20240530110942.0
008 - عناصر البيانات ثابتة الطول - معلومات عامة
حقل البيانات ثابتة الطول 140319s2011 sy abh f b 000 0 ara d
040 ## - مصدر الفهرسة
وكالة الفهرسة الأصلية GCL /
وكالة النسخ GCL
082 04 - رقم تصنيف ديوى العشرى
رقم الطبعة 21
رقم التصنيف 723.3
رقم المادة ل ت
100 0# - المدخل الرئيسى - إسم شخصى
الإسم الشخصى لطفى فؤاد لطفى
245 12 - بيان العنوان
العنوان التاريخ العمرانى لدمشق بين 923 - 1373هـ / 1516 - 1918 م :
بقية العنوان بحث فى التاريخ العمرانى لمدينة دمشق /
بيان المسئوليه,etc لطفى فؤاد لطفى
250 ## - بيان الطبعة
بيان الطبعة ط.1
260 ## - PUBLICATION, DISTRIBUTION, ETC. (IMPRINT)
تاريخ النشر أو التوزيع 2011 .
300 ## - الوصف المادى
التعداد 688 ص. :
تفاصيل ماديه اخرى للوعاء ايض. ؛
أبعاد الوعاء 24 سم.
650 07 - المدخل الاضافى بالموضوع-مصطلح موضوعى
مصدر الرأس أو المصطلح qrmak
مصطلح موضوعي العمارة الاسلامية
التقسيم الفرعي الجغرافي دمشق
650 07 - المدخل الاضافى بالموضوع-مصطلح موضوعى
مصدر الرأس أو المصطلح qrmak
مصطلح موضوعي الزخارف الاسلامية
التقسيم الفرعي الجغرافي دمشق
651 ## - المدخل الاضافى بالموضوع - اسم جغرافى
مصدر الرأس أو المصطلح qrmak
942 ## - عناصر المدخل الإضافي( كوها)
مصدر التصنيف او مخطط الترفيف Dewey Decimal Classification
Koha [default] item type كتاب
260 ## - PUBLICATION, DISTRIBUTION, ETC. (IMPRINT)
-- دمشق :
-- وزارة الثقاقة،
Holdings
حالة التراجع حالة الفقد حالة تلف ليس للاعارة المكان المؤقت الموقع الحالى موقع الترفيف تاريخ الاكتساب اجمالي اﻻعارات رقم الطلب الباركود تاريخ اخر مشاهدة تاريخ تفعيل السعر نوع وعاء كوها
        مكتبة القاهرة الكبرى مكتبة القاهرة الكبرى   11/07/2022   723.3 ل ت 168787 11/07/2022 11/07/2022 كتاب

Powered By

EGPV